Use and significance of pesticides in the environment (Record no. 32048)
[ view plain ]
| 000 -LEADER | |
|---|---|
| fixed length control field | 00362nam a2200133Ia 4500 |
| 082 ## - DEWEY DECIMAL CLASSIFICATION NUMBER | |
| Classification number | 632.95:574 |
| Item number | MCE;1 |
| 100 ## - MAIN ENTRY--AUTHOR NAME | |
| Personal name | MCEWEN, F L |
| 245 #0 - TITLE STATEMENT | |
| Title | Use and significance of pesticides in the environment |
| 260 ## - PUBLICATION, DISTRIBUTION, ETC. (IMPRINT) | |
| Place of publication | New York |
| Name of publisher | John Wiley |
| Year of publication | 1979 |
| 650 ## - SUBJECT ADDED ENTRY--TOPICAL TERM | |
| Topical Term | Pesticides |
| 700 ## - ADDED ENTRY--PERSONAL NAME | |
| Personal name | STEPHENSON, G R |
| 942 ## - ADDED ENTRY ELEMENTS (KOHA) | |
| Koha item type | Books |
| Withdrawn status | Lost status | Damaged status | Not for loan | Home library | Current library | Date acquired | Full call number | Accession Number | Koha item type |
|---|---|---|---|---|---|---|---|---|---|
| RRII Library | RRII Library | 16/12/2021 | 632.95:574 MCE;1 | 12574 | Books |